000 00401nam a22001697a 4500
003 MPLRDC
005 20220104113909.0
008 210129b ||||| |||| 00| 0 eng d
020 _a962-257-793-8
082 _a848.4 ST-3 v.10
100 _a苏童著
245 _a樱桃
_c
260 _a
_b天地图书有限公司
_c1995
300 _b
650 _a现代别集
942 _cBK
_o848.4 ST-3 v.10
999 _c3215
_d3205